000 00739nam a2200289Ia 4500
005 20260324122230.0
008 008 260324s9999 xx 000 0 eng d
020 _a9780429255601
037 _aEBOOK
040 _aCRL
040 _beng
040 _cCRL
041 _2eng
041 _aeng
084 _qCRL
100 _aJosef Packowski
_91165642
245 0 _aLEAN Supply Chain Planning
245 4 _bThe New Supply Chain Management Paradigm for Process Industries to Master Today's VUCA World
260 _bTaylor and Francis
260 _c2013
365 _a
365 _b135
856 _uhttp://www.taylorfrancis.com/books/9780429255601
942 _cEBOOK
999 _c1758219
_d1758219